01734nam a2200349 4500003000900000005001700009008004100026017001100067020001500078040004600093041000800139082003000147092000700177099004000184100003300224245012700257264006600384300003200450336002200482337002400504338003300528504005200561546004100613650010100654856005700755905000700812942001900819999001700838952017700855952017701032952017501209EG-GICUC20260121101647.0260105s1993 ua ||||fr|||| 00| 0 ara d a948179 a9772042169 a EG-GICUCbarac EG-GICUCd EG-GICUCerda0 aara04221a345.82224bع م . ط04221 aLaw1 07 345.82224 ع م . ط 1993 0 aعمر حلميeمؤلف.10aطبيعة اختصاص القضاء الإداري بمنازعات العقود الإدارية /cعمر حلمي. 1aالقاهرة :bدار النهضة العربية،c1993. a324 صفحة ؛ c24 سم. 2rda contentatext 2rda mediaaComputer 2rda carrieraOnline Resource aيحتوي على قائمة بالمراجع aالنص باللغة العربية14aالاختصاص بمنازعات العقود الإداريةxالقانون الاداري40uhttps://fll.law.cu.edu.eg/fulltext/bks/B07-02594.pdf a75 2ddcn0cBKe21 c54545d54545 00102ddc40718القانون الإداريaCUbLAW1d2026-01-05l0oLaw1 07 345.82224 ع م . ط 1993 0702594 C1pB07-02594r2026-01-05 11:13:48t1w2026-01-05yBK 00102ddc40708القانون الإداريaCUbLAW1d2026-01-05l0oLaw1 07 345.82224 ع م . ط 1993 0702595 C2pB07-02595r2026-01-05 11:14:10t2w2026-01-05yBK 00102ddc40708القانون الإداريaCUbLAW2d2026-01-09l0oLaw2 07 345.82224 ع م . ط 1993 0702702 C3pB07-02702r2026-01-09 23:23:49t3w2026-01-09yBK